000 00918nam a22003017a 4500
003 CHAP
005 20220329134507.0
008 971013s1977 r 00010 d
010 _a21151
011 _a22123
035 _a26216
040 _cCHAP
090 _aFolleto 4522 (1977)
100 0 0 _aBooth, Vernon.
_913812
245 _aWriting a scientific paper
250 _a4 ed.
260 _aLondon :
_bBiochemical Society,
_c1977
300 _a29 p.
590 _aBATCH-UPD
_b10
_c20130110
_lUCH01
_h1607
590 _aBATCH-UPD
_b10
_c20130410
_lUCH01
_h1003
590 _aBATCH-UPD
_b10
_c20130914
_lUCH01
_h2051
590 _aCONVERSION
_b10
_c20130109
_lUCH01
_h1313
650 1 4 _aTrabajos científicos
_xElaboración.
_9114562
901 _aBK
942 _cFOLL
949 _aFolleto 4522 (1977)
_bBC
_cFOLL
_d-60560
_eTS1
_i26216
_mD
_si
949 _aFolleto 4522 (1977)
_bBC
_cFOLL
_d-60562
_eTS2
_fc.2
_i26216
_mD
_si
999 _c21151
_d21151